[Event "III Festival Sant'Anna A"]
[Site "Pisignano - Vernole ITA"]
[Date "2000.08.??"]
[Round "4"]
[White "Lorusso, Lucio"]
[Black "Mazzilli, Piero"]
[Result "0-1"]
[WhiteElo "1863"]
[BlackElo "2183"]
[PlyCount "36"]
[EventDate "2000.08.24"]

1. e4 c5 2. g3 e6 3. Nc3 d5 4. exd5 exd5 5. d4 Nf6 6. Bg5 cxd4 7. Qxd4 Nc6 8.
Qe3+ Be6 9. O-O-O d4 10. Qe2 Qa5 11. Bxf6 gxf6 12. Nb5 Qxa2 13. Nc7+ Kd7 14.
Nxa8 Qa1+ 15. Kd2 Bb4+ 16. Kd3 Bf5+ 17. Kc4 Qa2+ 18. b3 Qa5 0-1